| 000 | 00908cam a22002651 4500 | ||
|---|---|---|---|
| 001 | f 01001628 | ||
| 003 | DLC | ||
| 005 | 20260227111240.0 | ||
| 008 | 810109r18921855fr 000 0 fre | ||
| 010 | _af 01001628 | ||
| 035 | _a(OCoLC)7054715 | ||
| 040 |
_aDLC _cOCl _dDLC |
||
| 042 | _apremarc | ||
| 050 | 0 | 0 |
_aPT2317 _b.A1 1895 vol. 10 |
| 100 | 1 |
_aHeine, Heinrich, _d1797-1856. |
|
| 245 | 1 | 0 |
_aLutèce; _blettres sur la vie politique, artistique et sociale de la France par Henri Heine. |
| 250 | _aNouv. éd. | ||
| 260 |
_aParis, _bCalmann Lévy, _c1892. |
||
| 300 |
_axv, 420 p. _c19 cm. |
||
| 490 | 0 |
_aŒuvres complètes ... _v[10] |
|
| 500 | _aOn cover: Bibliothèque contemporaine. | ||
| 500 | _a"Edition originale" published Paris, Michel Lévy frères, 1855. cf. Vicaire's Manuel. | ||
| 651 | 0 |
_aFrance _xPolitics and government _y1830-1848. |
|
| 651 | 0 |
_aParis (France) _xIntellectual life. |
|
| 999 |
_c22612 _d22612 |
||